[Event "LTU-ch"]
[Site "Vilnius"]
[Date "1995.??.??"]
[Round "1"]
[White "Lapienis, Donatas P"]
[Black "Kondroska, Vaidotas"]
[Result "1-0"]
[WhiteElo "2345"]
[BlackElo "2080"]
[PlyCount "53"]
[EventDate "1995.??.??"]
[EventType "swiss"]
[EventRounds "9"]
[EventCountry "LTU"]
[SourceTitle "CBM 049 Extra"]
[Source "ChessBase"]
[SourceDate "1996.01.01"]
[SourceVersion "1"]
[SourceVersionDate "1996.01.01"]
[SourceQuality "1"]

1. d4 Nf6 2. c4 e5 3. dxe5 Ng4 4. e3 Nxe5 5. Nc3 Bc5 6. Nh3 0-0 7. Nf4 Re8 8. Be2 a5 9. a3 Ra6 10. Rb1 Rh6 11. b4 axb4 12. axb4 Bf8 13. Bd2 d6 14. b5 Nbd7 15. Ncd5 b6 16. Ra1 Nc5 17. 0-0 g5 18. Nh5 Be6 19. f4 Bxd5 20. fxe5 Rxh5 21. Bxh5 Bxc4 22. Be2 Bxe2 23. Qxe2 Rxe5 24. Bc3 Re6 25. Qf3 Qd7 26. Qf5 h6 27. Ra8 1-0